|
|
|
|
| LEADER |
00850nab a2200205 i 4500 |
| 001 |
misc10458 |
| 005 |
20191106142815.0 |
| 008 |
170607s1929 hu o 0|| hun d |
| 022 |
|
|
|a 0025-0260
|
| 040 |
|
|
|a SZTE Miscellanea Repozitórium
|b hun
|
| 041 |
|
|
|a hun
|
| 100 |
1 |
|
|a Várkonyi Hildebrand
|
| 245 |
1 |
0 |
|a H. Wallon
|h [elektronikus dokumentum] :
|b L'enfant turbulent ; H. M. Fay: Éléments de psychiatrie infantile, à l'usage des éducateurs : [könyvismertetés] /
|c Várkonyi Hildebrand
|
| 260 |
|
|
|c 1929
|
| 300 |
|
|
|a 60-62
|
| 490 |
0 |
|
|a Magyar pedagógia : a Magyar Tudományos Akadémia Pedagógiai Bizottságának folyóirata
|v 38
|
| 695 |
|
|
|a Gyermekpszichiátria könyvismertetés, Gyermekpszichiátria
|
| 700 |
0 |
1 |
|a Wallon Henri
|
| 700 |
0 |
1 |
|a Fay H. M.
|
| 856 |
4 |
0 |
|u http://misc.bibl.u-szeged.hu/10458/1/mp_1929_3115_060-062.pdf
|z Dokumentum-elérés
|